FARMILY PRODUCTION OF VEGETABLE AND FRUIT CROPS IN SREY SANTHOR DISTRICT, KAMPONG CHAM PROVINCE,(ផលិតកម្មដំណាំបន្លែ និងឈើហូមផ្លែជាលក្ខណៈគ្រួសារ នៅស្រុកស្រីសន្ធរ ខេត្តកំពង់ចាម). (Record no. 471)

000 -LEADER
fixed length control field 00682nam a22001577a 4500
003 - CONTROL NUMBER IDENTIFIER
control field OSt
005 - DATE AND TIME OF LATEST TRANSACTION
control field 20150915101628.0
008 - FIXED-LENGTH DATA ELEMENTS--GENERAL INFORMATION
fixed length control field 150915b xxu||||| |||| 00| 0 eng d
040 ## - CATALOGING SOURCE
Transcribing agency RUA
082 ## - DEWEY DECIMAL CLASSIFICATION NUMBER
Classification number AGR HON 1999 BOO26 Or.1
100 ## - MAIN ENTRY--PERSONAL NAME
9 (RLIN) 489
Personal name HONG, MENGLY
245 ## - TITLE STATEMENT
Title FARMILY PRODUCTION OF VEGETABLE AND FRUIT CROPS IN SREY SANTHOR DISTRICT, KAMPONG CHAM PROVINCE,(ផលិតកម្មដំណាំបន្លែ និងឈើហូមផ្លែជាលក្ខណៈគ្រួសារ នៅស្រុកស្រីសន្ធរ ខេត្តកំពង់ចាម).
260 ## - PUBLICATION, DISTRIBUTION, ETC. (IMPRINT)
Place of publication, distribution, etc. phnom phen
Name of publisher, distributor, etc. RUA
Date of publication, distribution, etc. 1999
300 ## - PHYSICAL DESCRIPTION
Extent 55p.
Other physical details ill.
Dimensions 29cm.
942 ## - ADDED ENTRY ELEMENTS (KOHA)
Source of classification or shelving scheme
Koha item type AGR
Holdings
Price effective from Date last seen Permanent Location Not for loan Date acquired Source of classification or shelving scheme Koha item type Lost status Withdrawn status Total Renewals Date last checked out Total Checkouts Shelving location Damaged status Barcode Current Location Full call number
2015-09-152016-07-22Library Block B 2015-09-15 AGR  12016-07-052B025 RUA005302Library Block BAGR HON 1999 BOO26 Or.1
2015-09-152015-09-15Library Block B 2015-09-15 AGR     B025 RUA005074Library Block BAGR HON 1999 BOO26 Or.2
2015-09-152023-01-06Library Block B 2015-09-15 AGR  12022-12-071B025 RUA005078Library Block BAGR HON 1999 BOO26 Or.3
2015-09-152015-09-15Library Block B 2015-09-15 AGR     B025 RUA005218Library Block BAGR HON 1999 BOO26 Or.4
2015-09-152015-09-15Library Block B 2015-09-15 AGR     B025 RUA005002Library Block BAGR HON 1999 BOO26 Or.5
2015-09-152015-09-15Library Block B 2015-09-15 AGR     B025 RUA005014Library Block BAGR HON 1999 BOO26 Or.6
2015-09-152015-09-15Library Block B 2015-09-15 AGR     B025 RUA005085Library Block BAGR HON 1999 BOO26 Or.7
មជ្ឈមណ្ឌលឯការនៃសាកលវិទ្យាល័យភូមិន្ទកសិកម្មចំការដូង

Powered by Koha